000
00288nam a2200097Ia 4500
008
240331s9999 xx 000 0 und d
082
_b
BUL
100
_a
Bulankulame, I
245
0
_a
Frozen tears :
_b
political violence, women, children and problems of trauma in southern Sri Lanka
942
_c
L
999
_c
2670
_d
2670